000 00481nam a2200181Ia 4500
005 20250326144024.0
008 250326s9999 xx 000 0 und d
037 _aTextbook
040 _aFMSL
_beng
_cFMSL
041 _aeng
_2eng
084 _aX:74:8 P1
_qFMSL
100 _aHuggins R
_9748906
245 0 _aCompeting for knowledge
_cHuggins R; Izushi H
260 _c2007
365 _b509479.23000000004
942 _cTB
_hX:74:8 P1
999 _c1302045
_d1302045